| 000 | 00751nam a2200265 a 4500 | ||
|---|---|---|---|
| 008 | |||
| 020 | _a0713141816 (pbk.) | ||
| 049 | _aMAIN | ||
| 090 | 0 | 0 | _aRG123 GYN |
| 245 | 0 | 0 |
_aGynaecology by ten teachers/ _cedited by Stanley G.Clayton ,Donald Fraser and T. l. T. Lewis |
| 250 | _a12th ed. | ||
| 260 |
_aLondon : _bArnold , _c1971. |
||
| 300 |
_aix, 548 p. : _bill. ; _c22 cm. |
||
| 500 | _aIncludes index. | ||
| 650 | 0 | _aGynaecology. | |
| 650 | 1 | 2 | _aGenital Diseases, Female. |
| 700 | 1 | _aFraser,Stanley | |
| 700 | 1 | _aLewis,T. L. T. | |
| 730 | 0 | _aObstetrics. | |
| 907 |
_a.b10254304 _b16-09-15 _c10-04-08 |
||
| 003 | |||
| 005 | 20230120203957.0 | ||
| 040 | _cNUST | ||
| 942 |
_cBOOKS _kRG123 GYN |
||
| 999 |
_c114928 _d114928 |
||